000 00657nam a2200181Ia 4500
008 100917s9999 xx 000 0 und d
082 _b32859
100 _aचिपळूणकर विष्णुशास्त्री
245 _aनिबंध मालेतील तीन निंबध
260 _bकॉन्टिनेंटल प्रकाशन
_c1975
300 _a164
365 _b6
520 _aनिबंध
630 _aनिबंध मालेतील तीन निंबध
650 _aनिबंध
730 _aनिबंध मालेतील तीन निंबध
942 _cBOOK
999 _c638253
_d638250